[Event "Lliga Catalana eq. DH"]
[Site "?"]
[Date "2014.02.01"]
[Round "2.3"]
[White "Lorenzo de la Riva, L."]
[Black "Fernandez Aguado, E."]
[Result "1-0"]
[WhiteElo "2502"]
[BlackElo "2407"]
[PlyCount "75"]
[EventDate "2014.??.??"]
[EventType "team"]
[EventCountry "ESP"]

1. e4 e5 2. Nf3 Nc6 3. Bb5 d6 4. d4 Bd7 5. d5 Nb8 6. Bd3 Nf6 7. c4 Be7 8. h3 a5
9. Nc3 Na6 10. Be3 O-O 11. b3 Ne8 12. a3 g6 13. g4 Ng7 14. Rg1 Nc5 15. Bc2 Bc8
16. b4 axb4 17. axb4 Rxa1 18. Qxa1 Nd7 19. Qa5 Nf6 20. Bh6 Nfe8 21. Ba4 Bd7 22.
Bxd7 Qxd7 23. Qa4 Qc8 24. Ke2 f5 25. Nd2 c6 26. f3 Bh4 27. Qb3 Rf7 28. Be3 Qd8
29. gxf5 gxf5 30. exf5 Kh8 31. c5 cxd5 32. Qxd5 Rd7 33. Nce4 Nc7 34. Qxb7 d5
35. Nd6 Nge8 36. Nxe8 Qxe8 37. Qc6 e4 38. Bd4+ 1-0

[Event "Lliga Catalana eq. DH"]
[Site "?"]
[Date "2014.02.01"]
[Round "2.3"]
[White "Rojas Keim, LA."]
[Black "Boix Moreno, D."]
[Result "1-0"]
[WhiteElo "2473"]
[BlackElo "2386"]
[PlyCount "108"]
[EventDate "2014.??.??"]
[EventType "team"]
[EventCountry "ESP"]

1. d4 Nf6 2. Bg5 Ne4 3. Bf4 c5 4. f3 Qa5+ 5. c3 Nf6 6. d5 d6 7. e4 g6 8. Bd3
Bg7 9. Ne2 O-O 10. Qd2 Re8 11. Na3 Nbd7 12. Nc4 Qc7 13. a4 Nh5 14. Bh6 Ne5 15.
Nxe5 dxe5 16. Bxg7 Kxg7 17. c4 Bd7 18. O-O Nf4 19. g3 Nxe2+ 20. Bxe2 a5 21. f4
f6 22. Qc3 Ra6 23. Rf2 exf4 24. gxf4 e5 25. fxe5 Qxe5 26. Qb3 Rb8 27. Bf3 Rd6
28. Bg2 b6 29. Raf1 Re8 30. Qc2 Re7 31. b3 Rf7 32. Qd2 Re7 33. h4 Rf7 34. h5 g5
35. Qe3 Re7 36. Kh1 Kh8 37. h6 Re8 38. Kg1 Rg8 39. Bh3 g4 40. Bg2 g3 41. Rf3
Rg4 42. Qc3 Rxe4 43. Qxe5 Rxe5 44. Rxf6 Rxf6 45. Rxf6 Kg8 46. Rf3 Rg5 47. d6
Rg6 48. Rf4 Be6 49. Bc6 Rxh6 50. d7 Bxd7 51. Bxd7 Rd6 52. Bf5 h5 53. Kg2 Rd2+
54. Kxg3 Rb2 1-0

[Event "Lliga Catalana eq. DH"]
[Site "?"]
[Date "2014.02.01"]
[Round "2.3"]
[White "Vidarte Morales, A."]
[Black "Granados Gomez, M."]
[Result "1-0"]
[WhiteElo "2408"]
[BlackElo "2434"]
[PlyCount "111"]
[EventDate "2014.??.??"]
[EventType "team"]
[EventCountry "ESP"]

1. e4 e5 2. Nf3 Nc6 3. Bb5 Nf6 4. d3 d6 5. c3 g6 6. O-O Bg7 7. Re1 O-O 8. h3
Bd7 9. Nbd2 Na5 10. Bxd7 Nxd7 11. b4 Nc6 12. Nc4 Nb6 13. Ne3 a5 14. b5 Nb8 15.
a4 N8d7 16. Ba3 Kh8 17. c4 f5 18. Rc1 f4 19. Nd5 Nxd5 20. cxd5 Rf7 21. Bb2 Nb6
22. d4 Qe7 23. Qb3 Bf6 24. dxe5 dxe5 25. Ba3 Qe8 26. d6 cxd6 27. Bxd6 Rg7 28.
Bc7 Nd7 29. Red1 g5 30. Qd5 h5 31. Qxb7 g4 32. Rxd7 Rxd7 33. Qc6 Bg7 34. hxg4
hxg4 35. Ng5 Rc8 36. Qe6 Qxe6 37. Nxe6 Re7 38. b6 Rxe6 39. b7 Rce8 40. Bxa5 Bf8
41. Bc7 Bd6 42. Bxd6 Rxd6 43. Rc8 Rdd8 44. Rxd8 Rxd8 45. a5 g3 46. fxg3 fxg3
47. Kf1 Rd1+ 48. Ke2 Rb1 49. a6 Kg7 50. a7 Rxb7 51. a8=Q Rf7 52. Ke3 Rf2 53.
Qe8 Rxg2 54. Qxe5+ Kf7 55. Kf3 Rg1 56. Qd4 1-0

[Event "Lliga Catalana eq. DH"]
[Site "?"]
[Date "2014.02.01"]
[Round "2.4"]
[White "Alexandrova, O."]
[Black "Adel Lahchaichi, O."]
[Result "1/2-1/2"]
[WhiteElo "2448"]
[BlackElo "2343"]
[PlyCount "62"]
[EventDate "2014.??.??"]
[EventType "team"]
[EventCountry "ESP"]

1. d4 Nf6 2. Nf3 c5 3. e3 g6 4. dxc5 Na6 5. Bxa6 Qa5+ 6. b4 Qxa6 7. Qd3 Bg7 8.
Bb2 b6 9. Qxa6 Bxa6 10. cxb6 axb6 11. a4 Rc8 12. Na3 O-O 13. b5 Bb7 14. O-O Rc7
15. Nd2 Bd5 16. c4 Ne4 17. Bxg7 Kxg7 18. cxd5 Nxd2 19. d6 exd6 20. Rfd1 Ne4 21.
f3 Nc3 22. Rxd6 Nxa4 23. Rad1 Ra8 24. Nb1 Nb2 25. Rf1 Rc2 26. Rd2 Rac8 27. Rxd7
Nc4 28. Rd3 Ra8 29. Rc3 Raa2 30. Rxc2 Rxc2 31. Rf2 Rc1+ 1/2-1/2

[Event "Lliga Catalana eq. DH"]
[Site "?"]
[Date "2014.02.01"]
[Round "2.4"]
[White "Ayas Fernandez, A."]
[Black "Fluvia Poyatos, Jordi"]
[Result "1-0"]
[WhiteElo "2346"]
[BlackElo "2480"]
[PlyCount "61"]
[EventDate "2014.??.??"]
[EventType "team"]
[EventCountry "ESP"]

1. c4 c6 2. d4 d5 3. e3 Nf6 4. Nc3 e6 5. Nf3 Nbd7 6. Qc2 g6 7. e4 dxe4 8. Nxe4
Nxe4 9. Qxe4 Bg7 10. Be2 c5 11. dxc5 Nxc5 12. Qe3 b6 13. O-O Bb7 14. Rd1 Qc7
15. Nd4 O-O 16. b4 Rad8 17. bxc5 bxc5 18. Nb3 Bxa1 19. Nxa1 Qa5 20. a3 Qa4 21.
Rxd8 Rxd8 22. Nb3 e5 23. h3 Qc6 24. f3 Rc8 25. Na5 Qc7 26. Nxb7 Qxb7 27. Qxe5
Qb1 28. Qe3 Rb8 29. Kf2 Rb6 30. Qe8+ Kg7 31. Qe5+ 1-0

[Event "Lliga Catalana eq. DH"]
[Site "?"]
[Date "2014.02.01"]
[Round "2.4"]
[White "Bofill Mas, A."]
[Black "Baron Isanta, JM."]
[Result "1-0"]
[WhiteElo "2420"]
[BlackElo "2389"]
[PlyCount "47"]
[EventDate "2014.??.??"]
[EventType "team"]
[EventCountry "ESP"]

1. c4 c6 2. g3 d5 3. Bg2 Nf6 4. Nf3 dxc4 5. O-O Nbd7 6. Qc2 Nb6 7. a4 a5 8. Na3
Qd5 9. Ne1 Bf5 10. Bxd5 Bxc2 11. Bxc6+ bxc6 12. Naxc2 g6 13. d3 Bg7 14. dxc4
Nxc4 15. Nd3 O-O 16. b3 Nd6 17. Bb2 Nde4 18. Rfc1 Nd2 19. Ra3 Nd5 20. Bxg7 Kxg7
21. Nd4 Rfb8 22. Rc2 Nb1 23. Ra1 Nb4 24. Rxb1 1-0

[Event "Lliga Catalana eq. DH"]
[Site "?"]
[Date "2014.02.01"]
[Round "2.4"]
[White "Garcia Paolicchi, R."]
[Black "Gonzales Perez, JA."]
[Result "1/2-1/2"]
[WhiteElo "2280"]
[BlackElo "2242"]
[PlyCount "48"]
[EventDate "2014.??.??"]
[EventType "team"]
[EventCountry "ESP"]

1. d4 Nf6 2. c4 g6 3. Nc3 d5 4. cxd5 Nxd5 5. e4 Nxc3 6. bxc3 Bg7 7. Qa4+ Nd7 8.
Nf3 O-O 9. Bg5 c5 10. Rc1 a6 11. Be2 b5 12. Qa3 Bb7 13. d5 f6 14. Be3 Rc8 15.
c4 b4 16. Qb3 Qb6 17. O-O e5 18. Nd2 Rc7 19. f4 Bc8 20. Nf3 Qd6 21. f5 Nb6 22.
Ne1 a5 23. Nd3 Bd7 24. Qb1 Na4 1/2-1/2

[Event "Lliga Catalana eq. DH"]
[Site "?"]
[Date "2014.02.01"]
[Round "2.4"]
[White "Grafl, F."]
[Black "Cuadras Avellana, J."]
[Result "1/2-1/2"]
[WhiteElo "2425"]
[BlackElo "2374"]
[PlyCount "103"]
[EventDate "2014.??.??"]
[EventType "team"]
[EventCountry "ESP"]

1. d4 Nf6 2. Nc3 d5 3. e4 e6 4. exd5 exd5 5. Bg5 Bb4 6. Bd3 O-O 7. Nge2 c6 8.
O-O Bg4 9. f3 Bh5 10. Ng3 Bg6 11. Nf5 Re8 12. Ne2 Nbd7 13. c3 Bf8 14. Qd2 Bxf5
15. Bxf5 Qc7 16. Bh4 Bd6 17. Bg3 Nh5 18. Bxd6 Qxd6 19. Rae1 g6 20. Bb1 Re7 21.
g4 Ng7 22. Qf4 Qxf4 23. Nxf4 Rae8 24. Rxe7 Rxe7 25. Kf2 Kf8 26. h4 Ne6 27. Nh3
Re8 28. Re1 Ng7 29. Rh1 Ne6 30. Bd3 Kg7 31. Kg3 Nef8 32. Nf4 h6 33. c4 dxc4 34.
Bxc4 Nb6 35. Bb3 Rd8 36. Rd1 Kf6 37. d5 c5 38. d6 c4 39. Bc2 Ke5 40. Be4 Rxd6
41. Re1 Kf6 42. Bxb7 Nfd7 43. Be4 Nc5 44. Bc2 Rd2 45. Re2 Rxe2 46. Nxe2 Nd5 47.
Nc3 Nb4 48. Bb1 g5 49. hxg5+ hxg5 50. Nb5 Nbd3 51. b3 cxb3 52. axb3 1/2-1/2

[Event "Lliga Catalana eq. DH"]
[Site "?"]
[Date "2014.02.01"]
[Round "2.4"]
[White "Rivero Ojeda, C."]
[Black "Perpinya Rofes, LM."]
[Result "1-0"]
[WhiteElo "2350"]
[BlackElo "2453"]
[PlyCount "74"]
[EventDate "2014.??.??"]
[EventType "team"]
[EventCountry "ESP"]

1. e4 c5 2. c3 d6 3. d4 Nf6 4. Bd3 g6 5. Ne2 Bg7 6. O-O O-O 7. Nd2 Nc6 8. Re1
cxd4 9. cxd4 Bg4 10. Nb3 a5 11. Be3 a4 12. Nd2 Bxe2 13. Bxe2 Nd7 14. Nf3 Qa5
15. Rc1 Rfc8 16. Qd3 a3 17. bxa3 Qxa3 18. Rc3 Qxa2 19. Rec1 Nf8 20. Qd1 Rd8 21.
Bc4 Qa4 22. Bb3 Qb4 23. Rc4 Qa3 24. Rb1 e6 25. h4 d5 26. exd5 Rxd5 27. Rc2 Rdd8
28. Bg5 Nxd4 29. Bxd8 Rxd8 30. Nxd4 Rxd4 31. Qf3 Rxh4 32. Rc7 Be5 33. Qxf7+ Kh8
34. Rc4 Rh5 35. g4 Rh4 36. Re4 Bh2+ 37. Kg2 g5 1-0

[Event "Lliga Catalana eq. DH"]
[Site "?"]
[Date "2014.02.01"]
[Round "2.4"]
[White "Torrecillas Martinez, A."]
[Black "Vehi Bach, VM."]
[Result "0-1"]
[WhiteElo "2412"]
[BlackElo "2381"]
[PlyCount "66"]
[EventDate "2014.??.??"]
[EventType "team"]
[EventCountry "ESP"]

1. e4 c5 2. Nf3 e6 3. d4 cxd4 4. Nxd4 Nf6 5. Nc3 d6 6. Be3 Be7 7. f3 a6 8. Qd2
Nc6 9. O-O-O O-O 10. g4 Nd7 11. h4 Nde5 12. Qf2 Bd7 13. g5 Qc7 14. Rg1 b5 15.
Kb1 Nxd4 16. Bxd4 b4 17. Ne2 Rfc8 18. Rc1 Nc4 19. Nf4 Bf8 20. Bxc4 Qxc4 21. b3
Qb5 22. Bb2 a5 23. h5 a4 24. g6 fxg6 25. hxg6 h6 26. Qe3 Qa5 27. Rg2 Ra6 28.
Rd1 axb3 29. Qxb3 Rc3 30. Bxc3 bxc3 31. Ka1 Rb6 32. Qc4 Rb4 33. Qf1 Ra4 0-1

[Event "Lliga Catalana eq. DH"]
[Site "?"]
[Date "2014.02.01"]
[Round "2.5"]
[White "Castelltort Fernandez, A."]
[Black "Sole Fabregat, X."]
[Result "1-0"]
[WhiteElo "2345"]
[BlackElo "2305"]
[PlyCount "67"]
[EventDate "2014.??.??"]
[EventType "team"]
[EventCountry "ESP"]

1. d4 e6 2. Nf3 f5 3. h3 Nf6 4. Bf4 Bd6 5. e3 Bxf4 6. exf4 b6 7. Bd3 Bb7 8. O-O
O-O 9. Nbd2 c5 10. Re1 Qc7 11. g3 Nc6 12. dxc5 bxc5 13. Bf1 Rae8 14. Bg2 d5 15.
c3 Ne4 16. Qc2 Ba6 17. Rad1 Qb6 18. Qb3 Rb8 19. Ng5 Qa5 20. Qc2 Bc8 21. a3 h6
22. Ngxe4 fxe4 23. f3 e3 24. Rxe3 Qb6 25. Rb1 d4 26. Ree1 c4 27. Nxc4 Qc5 28.
Ne5 d3+ 29. Qf2 Qxf2+ 30. Kxf2 Nxe5 31. fxe5 d2 32. Red1 Rd8 33. Ke3 Rb5 34. f4
1-0

[Event "Lliga Catalana eq. DH"]
[Site "?"]
[Date "2014.02.01"]
[Round "2.5"]
[White "Cervello Tost, F."]
[Black "Jose Queralto, D."]
[Result "1/2-1/2"]
[WhiteElo "2232"]
[BlackElo "2218"]
[PlyCount "142"]
[EventDate "2014.??.??"]
[EventType "team"]
[EventCountry "ESP"]

1. d4 d5 2. Bg5 f6 3. Bh4 Nh6 4. e3 Nf5 5. Bg3 Be6 6. Bd3 Qd7 7. Nc3 g6 8. Nge2
Nc6 9. Nf4 Bf7 10. Bxf5 Qxf5 11. Qd3 Qd7 12. Qe2 e5 13. dxe5 fxe5 14. Nfxd5
Bxd5 15. O-O-O Bd6 16. Nxd5 O-O 17. Qc4 Kg7 18. h4 h5 19. Nb4 Qf7 20. Qxf7+
Kxf7 21. Nxc6 bxc6 22. Rd2 Rab8 23. c4 Ke6 24. b3 a5 25. Kc2 a4 26. Rb1 Rb4 27.
e4 Bc5 28. f3 Bd4 29. Be1 axb3+ 30. axb3 Rb7 31. Bf2 c5 32. Bxd4 cxd4 33. Ra1
Rf4 34. Ra6+ Rb6 35. Ra7 c6 36. Rg7 Kf6 37. Rc7 Rxh4 38. c5 Ra6 39. Kd3 Rh1 40.
f4 Rc1 41. fxe5+ Kxe5 42. Re7+ Kf6 43. Rd7 Rxc5 44. Kxd4 Rb5 45. Kc4 Rab6 46.
R2d6+ Ke5 47. Rxg6 Rb4+ 48. Kd3 Rxb3+ 49. Ke2 Kxe4 50. Kf2 Kf5 51. Rdg7 R3b5
52. Kg3 c5 53. Rg5+ Kf6 54. R7g6+ Kf7 55. Rg7+ Kf6 56. R7g6+ Kf7 57. Rxb6 Rxb6
58. Rxc5 Kg6 59. Rc4 Kg5 60. Rc5+ Kg6 61. Rc4 Kg5 62. Kh3 Rb3+ 63. g3 Rb5 64.
Rc8 Rb6 65. Rc5+ Kg6 66. Rc4 Kg5 67. Rc5+ Kg6 68. Kh4 Rb4+ 69. Kh3 Rb6 70. Rc8
Kg5 71. Rg8+ Rg6 1/2-1/2

[Event "Lliga Catalana eq. DH"]
[Site "?"]
[Date "2014.02.01"]
[Round "2.5"]
[White "Escandell Mari, JC."]
[Black "Avila Jimenez, X."]
[Result "0-1"]
[WhiteElo "2364"]
[BlackElo "2307"]
[PlyCount "74"]
[EventDate "2014.??.??"]
[EventType "team"]
[EventCountry "ESP"]

1. e4 c6 2. d4 d5 3. Nd2 dxe4 4. Nxe4 Bf5 5. Ng3 Bg6 6. Nf3 Nd7 7. h4 h6 8. h5
Bh7 9. Bd3 Bxd3 10. Qxd3 e6 11. Bd2 Ngf6 12. O-O-O Be7 13. Kb1 O-O 14. Ne4 Nxe4
15. Qxe4 Nf6 16. Qe2 Qd5 17. Be3 b5 18. Ne5 Bd6 19. Nd3 a5 20. g4 a4 21. f3 Nh7
22. f4 f6 23. Bd2 Qc4 24. Rhe1 Rfe8 25. g5 hxg5 26. fxg5 fxg5 27. Rg1 b4 28.
Qg4 Re7 29. Nc1 b3 30. axb3 axb3 31. cxb3 Qd5 32. h6 Nf6 33. Qe2 g4 34. hxg7
Rxg7 35. Bh6 Rh7 36. Be3 Qf5+ 37. Qc2 Ra1+ 0-1

[Event "Lliga Catalana eq. DH"]
[Site "?"]
[Date "2014.02.01"]
[Round "2.5"]
[White "Gomez Jurado, LA."]
[Black "Almeida Toledano, D."]
[Result "1-0"]
[WhiteElo "2365"]
[BlackElo "2360"]
[PlyCount "87"]
[EventDate "2014.??.??"]
[EventType "team"]
[EventCountry "ESP"]

1. c4 Nf6 2. g3 g6 3. Bg2 d5 4. cxd5 Nxd5 5. Nc3 Nxc3 6. bxc3 c5 7. Rb1 Nd7 8.
Qa4 Bg7 9. Bxb7 Rb8 10. Be4 Rxb1 11. Bxb1 Qb6 12. Be4 f5 13. Qc6 Ba6 14. Bd5 e5
15. Nf3 Bb5 16. Qxb6 axb6 17. c4 Nf6 18. cxb5 Nxd5 19. Bb2 Ke7 20. Bxe5 Bxe5
21. Nxe5 Ra8 22. O-O Rxa2 23. Nc4 Rc2 24. d3 Rxe2 25. Ra1 Kf6 26. Kf1 Re6 27.
Ra8 h5 28. Rb8 f4 29. gxf4 Kf5 30. Rd8 Nxf4 31. Rf8+ Kg4 32. Ne3+ Kf3 33. h4
Rd6 34. Nc4 Re6 35. Nd2+ Kg4 36. f3+ Kxh4 37. Rxf4+ Kg3 38. Re4 Rd6 39. Ke2 g5
40. Nf1+ Kh3 41. Re5 Kh4 42. Ne3 Rg6 43. Kf2 g4 44. Ng2+ 1-0

[Event "Lliga Catalana eq. DH"]
[Site "?"]
[Date "2014.02.01"]
[Round "2.5"]
[White "Lillo Castany, V."]
[Black "Bergez, L."]
[Result "1-0"]
[WhiteElo "2359"]
[BlackElo "2391"]
[PlyCount "41"]
[EventDate "2014.??.??"]
[EventType "team"]
[EventCountry "ESP"]

1. e4 d5 2. exd5 Nf6 3. d4 Nxd5 4. c4 Nb6 5. Nc3 e5 6. Nf3 Bg4 7. Be2 exd4 8.
Nxd4 Bxe2 9. Qxe2+ Qe7 10. Be3 Na6 11. O-O g6 12. Rfe1 O-O-O 13. Ndb5 Kb8 14.
Bxb6 Qxe2 15. Bxa7+ Kc8 16. Rxe2 b6 17. a4 Bb4 18. Nd5 Bc5 19. a5 Kb7 20. b4
Bf8 21. Ndxc7 1-0

[Event "Lliga Catalana eq. DH"]
[Site "?"]
[Date "2014.02.01"]
[Round "2.5"]
[White "Panelo Muñoz, MA."]
[Black "Escobar Torres, A."]
[Result "1/2-1/2"]
[WhiteElo "2472"]
[BlackElo "2232"]
[PlyCount "99"]
[EventDate "2014.??.??"]
[EventType "team"]
[EventCountry "ESP"]

1. d4 e6 2. c4 Nf6 3. Nf3 Bb4+ 4. Bd2 Qe7 5. g3 Ne4 6. Bg2 Nxd2 7. Nbxd2 c6 8.
O-O Ba5 9. c5 Bc7 10. Nc4 b6 11. b4 Ba6 12. Qc2 O-O 13. a4 Bxc4 14. Qxc4 d5 15.
cxd6 Bxd6 16. b5 cxb5 17. axb5 Nd7 18. Qb3 Nf6 19. Ne5 Bxe5 20. dxe5 Nd5 21.
Rfd1 Rfd8 22. Rd4 Rd7 23. Rad1 Rad8 24. Bxd5 exd5 25. Rxd5 Rxd5 26. Rxd5 Rxd5
27. Qxd5 g6 28. h4 h5 29. e4 Kg7 30. Kg2 Qb4 31. Qc6 Qb3 32. Qf6+ Kh7 33. Qc6
Kg7 34. Qd7 Qb4 35. Qd5 Qe7 36. Qd6 Qe8 37. Qf6+ Kh7 38. Kf3 Kg8 39. e6 fxe6
40. Kf4 Kh7 41. e5 Qxb5 42. Qf7+ Kh6 43. Qf8+ Kh7 44. Qe7+ Kh6 45. Qxe6 Qb4+
46. Ke3 Qc3+ 47. Ke2 Qc2+ 48. Kf1 Qb1+ 49. Kg2 Qe4+ 50. Kg1 1/2-1/2

[Event "Lliga Catalana eq. DH"]
[Site "?"]
[Date "2014.02.01"]
[Round "2.5"]
[White "Rahal, M."]
[Black "Gallart Zafra, J."]
[Result "1/2-1/2"]
[WhiteElo "2426"]
[BlackElo "2339"]
[PlyCount "130"]
[EventDate "2014.??.??"]
[EventType "team"]
[EventCountry "ESP"]

1. e4 c5 2. Nf3 d6 3. d4 cxd4 4. Nxd4 Nf6 5. f3 e6 6. c4 Be7 7. Nc3 O-O 8. Be3
a6 9. Be2 Nc6 10. Qd2 Qc7 11. Rc1 Nxd4 12. Bxd4 Bd7 13. O-O Bc6 14. Nd5 exd5
15. cxd5 Rfc8 16. dxc6 bxc6 17. Bc4 Nd7 18. Rfd1 Ne5 19. Bb3 Bf8 20. Kh1 Qe7
21. Be3 h6 22. Rc2 Qb7 23. h3 a5 24. Ba4 Qb4 25. b3 Qxd2 26. Rcxd2 g5 27. Bd4
Rc7 28. Bc3 Kh7 29. Kg1 f6 30. Kf2 Kg6 31. Rc2 Ra6 32. Bxe5 fxe5 33. Rdc1 c5
34. Bb5 Rb6 35. Bc4 Be7 36. Rd1 Rc8 37. Ke3 Kf6 38. g3 Kg7 39. Rh1 Rf8 40. h4
Bf6 41. Rf2 Rbb8 42. hxg5 hxg5 43. Rh5 Rh8 44. Rfh2 Rxh5 45. Rxh5 Kg6 46. g4
Rh8 47. Bb5 Rb8 48. a4 Rd8 49. Bc6 Rc8 50. Bd5 Rh8 51. Bc6 Rc8 52. Bb5 Rd8 53.
Kd3 d5 54. exd5 Rxd5+ 55. Kc4 Rd4+ 56. Kxc5 Be7+ 57. Kc6 e4 58. fxe4 Kf6 59.
Rh6+ Ke5 60. Bc4 Rd6+ 61. Rxd6 Bxd6 62. Kb5 Bb4 63. Bd5 Be1 64. Kc4 Bb4 65. Kd3
Be1 1/2-1/2

[Event "Lliga Catalana eq. DH"]
[Site "?"]
[Date "2014.02.01"]
[Round "2.5"]
[White "Sanchez Ibern, M."]
[Black "Martinez Lopez, I."]
[Result "1-0"]
[WhiteElo "2445"]
[BlackElo "2327"]
[PlyCount "68"]
[EventDate "2014.??.??"]
[EventType "team"]
[EventCountry "ESP"]

1. c4 Nf6 2. g3 g6 3. Bg2 d5 4. cxd5 Nxd5 5. Nf3 Bg7 6. O-O Nc6 7. Nc3 Nb6 8.
d3 O-O 9. Be3 e5 10. Qd2 Re8 11. Rac1 Nd4 12. Ne1 c6 13. Nc2 Bf5 14. h3 Qd7 15.
Kh2 Rad8 16. Bh6 f6 17. Bxg7 Qxg7 18. Ne3 Bc8 19. Ned1 f5 20. e3 Ne6 21. b4 e4
22. Nb2 h5 23. Qe2 Nd5 24. Nxd5 cxd5 25. dxe4 fxe4 26. Na4 Ng5 27. Nc5 h4 28.
gxh4 Qe5+ 29. Kh1 Nxh3 30. Nxb7 Qe7 31. Rxc8 Qxh4 32. Bxh3 Qxh3+ 33. Kg1 Rxc8
34. Nd6 Re5 1-0

[Event "Lliga Catalana eq. DH"]
[Site "?"]
[Date "2014.02.01"]
[Round "2.6"]
[White "Fassnacht, P."]
[Black "Serra Fontova, F."]
[Result "0-1"]
[WhiteElo "2171"]
[BlackElo "2276"]
[PlyCount "88"]
[EventDate "2014.??.??"]
[EventType "team"]
[EventCountry "ESP"]

1. d4 Nf6 2. Nf3 g6 3. Bf4 Bg7 4. Nbd2 O-O 5. e4 c5 6. c3 d5 7. e5 Ne4 8. Bd3
Bf5 9. O-O Nxc3 10. bxc3 Bxd3 11. Re1 cxd4 12. Nb3 Bc4 13. Nbxd4 e6 14. a4 Nc6
15. Rb1 Qd7 16. h4 Nxd4 17. Qxd4 b6 18. Rb4 Rfc8 19. Nd2 Ba6 20. Ne4 Qc6 21.
Nd6 Qxc3 22. Qxc3 Rxc3 23. Bg5 Rc6 24. Be7 Bf8 25. Bxf8 Rxf8 26. Rf4 f6 27. Nb5
fxe5 28. Rg4 Rf4 29. Rxf4 exf4 30. Nd4 Rc4 31. Nxe6 Rxa4 32. Ng5 h6 33. Nf3 Bd3
34. Re7 Bf5 35. Rd7 d4 36. h5 d3 37. Rd5 Ra5 38. Rd8+ Kg7 39. hxg6 Bxg6 40. Rd4
Rc5 41. Rd7+ Kf6 42. Rxa7 Bh5 43. Nd2 Rc2 44. Ne4+ Kf5 0-1

[Event "Lliga Catalana eq. DH"]
[Site "?"]
[Date "2014.02.01"]
[Round "2.6"]
[White "Fernandez Soriano, R."]
[Black "Subirats Ruiz, S."]
[Result "1/2-1/2"]
[WhiteElo "2243"]
[BlackElo "2283"]
[PlyCount "84"]
[EventDate "2014.??.??"]
[EventType "team"]
[EventCountry "ESP"]

1. d4 Nf6 2. Nf3 g6 3. Nc3 d5 4. Bf4 Bg7 5. e3 O-O 6. Be2 b6 7. Ne5 Ba6 8. Bxa6
Nxa6 9. Qe2 Qc8 10. h3 c5 11. O-O Rd8 12. Rfd1 Nb4 13. a3 cxd4 14. exd4 Nh5 15.
axb4 Nxf4 16. Qf3 Qf5 17. Nc6 Rd7 18. b5 g5 19. Qg4 Qxg4 20. hxg4 Kf8 21. Ra4
e6 22. g3 Ng6 23. Rda1 Ne7 24. Nxe7 Kxe7 25. Ne2 Rc8 26. c3 Rcc7 27. f4 Kf6 28.
Kf2 gxf4 29. gxf4 Kg6 30. Kf3 f5 31. g5 h6 32. Rg1 hxg5 33. Rxg5+ Kh7 34. Ra1
Bh6 35. Rh1 Rg7 36. Rgh5 Rg6 37. R1h3 Rc4 38. Nc1 Ra4 39. Nd3 Kg7 40. Ne5 Rf6
41. Rg3+ Kh7 42. Nc6 Ra1 1/2-1/2

[Event "Lliga Catalana eq. DH"]
[Site "?"]
[Date "2014.02.01"]
[Round "2.6"]
[White "Garrido Fernandez, D."]
[Black "Asensio Liñan, T."]
[Result "1-0"]
[WhiteElo "2347"]
[BlackElo "2278"]
[PlyCount "135"]
[EventDate "2014.??.??"]
[EventType "team"]
[EventCountry "ESP"]

1. e4 g6 2. d4 Bg7 3. Nf3 d6 4. Bd3 Nc6 5. c3 Nf6 6. O-O O-O 7. d5 Nb8 8. c4
Na6 9. Nc3 Nc5 10. Re1 Nxd3 11. Qxd3 Nd7 12. Be3 a5 13. a3 a4 14. Qc2 Nf6 15.
h3 Bd7 16. Nd4 c6 17. dxc6 bxc6 18. Nxa4 c5 19. Nb5 Nxe4 20. Nac3 Nxc3 21. Nxc3
Rb8 22. Rad1 Re8 23. Bg5 Bc6 24. Re2 h6 25. Bc1 Qa5 26. Rd3 Qa6 27. Nd5 Qb7 28.
f3 Bd4+ 29. Be3 Bxd5 30. cxd5 Qxd5 31. Bxd4 cxd4 32. Qd2 e5 33. Qxh6 e4 34.
fxe4 Rxe4 35. Rxe4 Qxe4 36. Qd2 Rxb2 37. Rxd4 Qb1+ 38. Qd1 Qa2 39. Qf3 Rxg2+
40. Qxg2 Qa1+ 41. Kh2 Qxd4 42. Qa2 Qf4+ 43. Kg2 Qe4+ 44. Kh2 d5 45. a4 d4 46.
a5 d3 47. a6 Qe5+ 48. Kg2 Qg5+ 49. Kh2 Qf4+ 50. Kg2 d2 51. a7 Qe4+ 52. Kg3 Qe3+
53. Kg2 Qe2+ 54. Kg3 Qd3+ 55. Kg2 Qe4+ 56. Kg3 Qe1+ 57. Kg2 d1=Q 58. a8=Q+ Kg7
59. Qb2+ f6 60. Qbb7+ Kh6 61. Qf8+ Kg5 62. Qc5+ f5 63. Qbe7+ Qxe7 64. Qxe7+ Kh6
65. Qf8+ Kh5 66. Qe7 Kh6 67. Qf8+ Kg5 68. Qe7+ 1-0

[Event "Lliga Catalana eq. DH"]
[Site "?"]
[Date "2014.02.01"]
[Round "2.6"]
[White "Gonzalez Verges, A."]
[Black "Colon Garcia, E."]
[Result "1/2-1/2"]
[WhiteElo "2284"]
[BlackElo "2405"]
[PlyCount "103"]
[EventDate "2014.??.??"]
[EventType "team"]
[EventCountry "ESP"]

1. d4 Nf6 2. Bg5 Ne4 3. Bf4 e6 4. e3 d5 5. Bd3 Bd6 6. Nf3 Bxf4 7. exf4 Qd6 8.
Qc1 c5 9. dxc5 Nxc5 10. O-O Nxd3 11. cxd3 Nc6 12. d4 O-O 13. Nc3 b6 14. Qd2 Ba6
15. Rfc1 Nb4 16. Ne1 Rac8 17. g3 f6 18. a3 Nc6 19. b3 Na5 20. Qd1 Rc7 21. b4
Nc4 22. Nf3 Rfc8 23. Qa4 Bb7 24. Qb3 Bc6 25. Re1 Be8 26. Rac1 Bh5 27. Nb5 Qd7
28. Nxc7 Rxc7 29. Rc2 Bxf3 30. Qxf3 Ne5 31. fxe5 Rxc2 32. exf6 Qf7 33. Qd1 Rc4
34. fxg7 Qxg7 35. Re5 Qg6 36. h4 Kf7 37. Qf3+ Qf6 38. Qe3 Rc2 39. Rg5 Rc4 40.
Rg4 Ke7 41. Rf4 Qg6 42. Kg2 Qb1 43. Qe5 Rc1 44. Qg7+ Kd6 45. Qf8+ Kc6 46. Qe8+
Kd6 47. Qb8+ Kc6 48. Qxa7 Rg1+ 49. Kh3 Rh1+ 50. Kg4 Qg6+ 51. Kf3 Qd3+ 52. Kg4
1/2-1/2

[Event "Lliga Catalana eq. DH"]
[Site "?"]
[Date "2014.02.01"]
[Round "2.6"]
[White "Lopez Agustench, E."]
[Black "Fernandez Cazorla, A."]
[Result "1/2-1/2"]
[WhiteElo "2317"]
[BlackElo "2305"]
[PlyCount "43"]
[EventDate "2014.??.??"]
[EventType "team"]
[EventCountry "ESP"]

1. d4 d5 2. Nf3 Nf6 3. c4 c6 4. e3 e6 5. Qc2 Nbd7 6. b3 b6 7. Bd3 Bb7 8. O-O
Bd6 9. Bb2 O-O 10. Nc3 Rc8 11. Rad1 c5 12. cxd5 exd5 13. Qb1 Qe7 14. Be2 a5 15.
dxc5 bxc5 16. Rfe1 g6 17. Bf1 Qe6 18. h3 Ne5 19. Nxe5 Bxe5 20. Na4 Ne4 21. Bxe5
Qxe5 22. Qb2 1/2-1/2

[Event "Lliga Catalana eq. DH"]
[Site "?"]
[Date "2014.02.01"]
[Round "2.6"]
[White "Martin Gonzalez, A."]
[Black "Rodriguez Melgar, JM."]
[Result "1-0"]
[WhiteElo "2464"]
[BlackElo "2272"]
[PlyCount "103"]
[EventDate "2014.??.??"]
[EventType "team"]
[EventCountry "ESP"]

1. e4 c5 2. Nf3 Nf6 3. e5 Nd5 4. Nc3 e6 5. Nxd5 exd5 6. d4 Nc6 7. dxc5 Bxc5 8.
Qxd5 d6 9. exd6 Qb6 10. Bc4 Bxf2+ 11. Ke2 O-O 12. Rd1 Be6 13. Qe4 Rae8 14. Kf1
Bd7 15. Qf4 Re6 16. Bxe6 fxe6 17. Qe4 e5 18. Rd3 Nd4 19. Qxe5 Nxf3 20. Qd5+ Kh8
21. Rxf3 Rxf3 22. gxf3 Bh4 23. Ke2 Qf2+ 24. Kd3 Qf1+ 25. Kc3 Bf6+ 26. Kb4 Bc6
27. Qd3 Qg1 28. a4 a5+ 29. Kb3 Qc5 30. c3 Bd5+ 31. Kc2 Qxd6 32. c4 Qxh2+ 33.
Qd2 Qxd2+ 34. Bxd2 Bxf3 35. Bxa5 h5 36. Bc7 Be4+ 37. Kb3 g5 38. Re1 Bf3 39. Kc2
g4 40. b4 h4 41. Kd3 g3 42. Ke3 Bc6 43. b5 Bg5+ 44. Bf4 Bxf4+ 45. Kxf4 Bd7 46.
c5 g2 47. Kf3 h3 48. Kf2 Kg8 49. c6 bxc6 50. b6 h2 51. Kxg2 c5 52. Kxh2 1-0